Christian Family. (Record no. 1664)

MARC details
000 -LEADER
fixed length control field 00661nam a2200253 a 4500
020 ## - INTERNATIONAL STANDARD BOOK NUMBER
ISBN
082 00 - DEWEY DECIMAL CLASSIFICATION NUMBER
Classification number 306.80230
Author Cutter BRO
100 ## - MAIN ENTRY--AUTHOR NAME
Author name Brown, Leslie Winifred
245 ## - TITLE STATEMENT
Title Christian Family.
260 ## - PUBLICATION, DISTRIBUTION, ETC. (IMPRINT)
Place of publication London
Name of publisher United for Christian Lit.Lutterworth Pre
Year of publication 1960
300 ## - PHYSICAL DESCRIPTION
Number of Pages 80p
500 ## - GENERAL NOTE
General note includes index and biblioraphy
505 2# - FORMATTED CONTENTS NOTE
Formatted contents note academy of islamic research and publications.
650 ## - SUBJECT ADDED ENTRY--TOPICAL TERM
Topical Term Family
650 ## - SUBJECT ADDED ENTRY--TOPICAL TERM
Topical Term Family-Love
942 ## - ADDED ENTRY ELEMENTS (KOHA)
Koha item type Books
700 1# -
-- Brown, Leslie Winifred
Holdings
Collection code Home library Current library Date acquired Cost, normal purchase price Full call number Accession Number Koha item type
  Henry Martyn Institute Library Henry Martyn Institute Library 04/05/2007 100.00 306.80230 BRO 02511 Books
                   Copyright © 2026 | Henry Martyn Institute | Hyderabad | TS-500052 | INDIA | Implemented by hmi.edu.in
Hit-Count:

Powered by Koha